000 00629nam a2200205Ia 4500
003 GCL
005 20240530102333.0
008 140319s9999 xx 000 0 ara d
040 _aGCL /
_cGCL
082 0 4 _a370.1
_bم ت
100 1 _aمحمد منير مرسى
245 1 0 _aتاريخ التربية فى الشرق والغرب /
_cمحمد منير مرسى
260 _aالقاهرة:
_bعالم الكتاب ،
_c1993
300 _a535 ص ؛
_b24 سم.
650 0 4 _aالتعليم
650 0 4 _aالتربية
650 0 4 _aالعصور الوسطى
650 0 4 _aالعصور القديمة
942 _2ddc
_cBK
999 _c31514
_d31514